| 000 | 00723cam a2200289 i 4500 | ||
|---|---|---|---|
| 001 | a47586 | ||
| 003 | DO-SdBNP | ||
| 005 | 20171121133857.0 | ||
| 007 | a47586 | ||
| 008 | 100525s2009 mx | |||| 000 f spa | ||
| 015 | _a | ||
| 017 |
_a _b |
||
| 020 | _a9786071103062 | ||
| 035 | _a | ||
| 040 |
_aBPMSU _bspa _cBPMSU _e |
||
| 080 | _a | ||
| 082 | 4 |
_aM863.4 _bF954a |
|
| 100 | 1 |
_aFuentes, Carlos, _d1928-2012 |
|
| 245 | 1 | 0 |
_aAdán en Edén / _h _cCarlos Fuentes |
| 260 |
_aMéxico : _bAlfaguara, _c2010 |
||
| 300 |
_a177 p : _c24 cm |
||
| 650 | 4 | _aNOVELA MEXICANA | |
| 650 | 4 | _aLITERATURA MEXICANA | |
| 942 |
_2ddc _cBK |
||
| 945 | _aInventariado, 2017/MFF | ||
| 956 |
_aVMATEO _b10 _c20160707 _dBPMSU _f00069 |
||
| 999 |
_c10763 _d10763 |
||